000 00794nam a2200229Ii 4500
003 JO-AjNU
008 230605s9999||||xx |||||||||||||| ||und||
017 _a1233/4/2010
020 _a978-9957-07-776-1
040 _aJO-AjNU
_bara
_erda
_cJO-AjNU
041 _aara
050 1 4 _aPJ7561 2013
100 3 _aالشرعة، عبلة سالم تأليف/السمارات، ياسمين داوود م.مشارك,
_eauthor
_943193
245 0 0 _aمدخل إلى الشعر العربي القديم
250 _aط1
264 3 1 _aعمان:دار الفكر،2013
300 _a120ص
336 _atext
_btxt
_2rdacontent
337 _aunmediated
_bn
_2rdamedia
338 _avolume
_bnc
_2rdacarrier
650 4 _aالشعر العربي-النقد الأدبي-العصر القديم
_943194
999 _aA18552
_c22120
_d22120